LEADER 03545 am 2200457 n 450 001 9910416514003321 005 20190709 010 $a2-84867-699-X 024 7 $a10.4000/books.pufc.2253 035 $a(CKB)4100000010013957 035 $a(FrMaCLE)OB-pufc-2253 035 $a(oapen)https://directory.doabooks.org/handle/20.500.12854/44121 035 $a(PPN)241685761 035 $a(EXLCZ)994100000010013957 100 $a20191219j|||||||| ||| 0 101 0 $afre 135 $auu||||||m|||| 181 $ctxt$2rdacontent 182 $cc$2rdamedia 183 $acr$2rdacarrier 200 13$aLa correspondance de Proust $eSon statut dans l??uvre. L?histoire de son édition /$fLuc Fraisse 210 $aBesançon $cPresses universitaires de Franche-Comté$d2019 215 $a1 online resource (212 p.) 311 $a2-251-60649-1 330 $aL?étude des correspondances d?écrivains s?est considérablement développée ces dernières années. L?un des sujets qui intéressent particulièrement nos contemporains est de savoir quel rôle exact joue l?écriture d?une correspondance dans la formation littéraire d?un écrivain et dans la lente élaboration de son ?uvre. Le présent livre tente de proposer le plus grand nombre de réponses à cette question, s?agissant du cas de Marcel Proust. Il s?appuie notamment sur l?art poétique épistolaire que l?auteur de la Recherche a déposé, au jour le jour et sans y songer, dans des lettres écrites sur une période de quarante années, et dont les deux tiers sont contemporaines de l?élaboration de son cycle romanesque. L?écriture épistolaire, la réception et l?envoi de lettres, la matérialité même des correspondances, suscitent, à tout instant quoique incidemment sous sa plume, de riches réflexions qui nuancent toujours davantage le rôle joué par la constitution de ce monument totalement improvisé, en regard du monument minutieusement construit de la Recherche. Pourquoi le visage et le style de Proust épistolier sont-ils si différents de ceux, mieux connus de nous, de Proust romancier ? Et comment une correspondance, écrite sans lui prêter aucune valeur littéraire, a-t-elle pu malgré tout former le laboratoire de l?uvre en chantier ? C?est à ces deux questions déconcertantes que l?enquête ici menée tente principalement d?apporter des éléments de réponse. Proust aurait-il autorisé la publication de toutes ces lettres ? Là aussi, l?examen de la correspondance permet de proposer une réponse précise, justifiant pleinement l?immense entreprise de l?Américain Philip Kolb, qui en soixante années de travail ininterrompu, a publié plus de cinq mille lettres de l?écrivain, occupant vingt et un volumes et couvrant plus de dix mille pages. Le dernier chapitre s?appuie sur un témoignage totalement inédit, le seul dont on puisse disposer, dans lequel l?éditeur des lettres retrace l?aventure de? 606 $aNovelists, French$y20th century$xCorrespondence$xHistory and criticism 610 $aécriture 610 $acorrespondance 610 $a?uvre 610 $aart épistolaire 610 $acycle romanesque 610 $aformation littéraire 615 0$aNovelists, French$xCorrespondence$xHistory and criticism. 676 $a843/.912 676 $aB 700 $aFraisse$b Luc$0292925 801 0$bFR-FrMaCLE 906 $aBOOK 912 $a9910416514003321 996 $aLa correspondance de Proust$92868786 997 $aUNINA LEADER 02016nam 2200409z- 450 001 9910166644703321 005 20210211 035 $a(CKB)3710000001092152 035 $a(oapen)https://directory.doabooks.org/handle/20.500.12854/49597 035 $a(oapen)doab49597 035 $a(EXLCZ)993710000001092152 100 $a20202102d2016 |y 0 101 0 $aeng 135 $aurmn|---annan 181 $ctxt$2rdacontent 182 $cc$2rdamedia 183 $acr$2rdacarrier 200 00$aHow Fear and Stress Shape the Mind 210 $cFrontiers Media SA$d2016 215 $a1 online resource (108 p.) 225 1 $aFrontiers Research Topics 311 08$a2-88919-871-5 330 $aThe experience of fear and stress leaves an indelible trace on the brain. This indelible trace is observed as both changes in behavior and changes in neuronal structure and function. Fear and stress interact on many levels. The experience of stress may lead to the formation of a fearful memory trace of a place or reminder cue, and fearful memory formation is regulated by the extent of concurrent stress. The concurrent experience of fear and stress may amplify fear and slow fear extinction which may lead to pathology. Fear memory formation involves changes in synaptic plasticity while stress and glucocorticoids change neuronal structure. Thus, both neurons and synapses are changed. These changes can be identified, visualised and mapped within focused microcircuits. In this Research Topic we focus on current advances in both the neurobiology and behavioral consequences of fear and stress. 606 $aNeurosciences$2bicssc 610 $aAmygdala 610 $aAnxiety 610 $aGlucocorticoids 610 $aMemory 610 $aMineralocorticoids 610 $aPTSD 610 $aSafety 615 7$aNeurosciences 700 $aLuke R. Johnson$4auth$01278683 906 $aBOOK 912 $a9910166644703321 996 $aHow Fear and Stress Shape the Mind$93013727 997 $aUNINA LEADER 07960oam 2201165 c 450 001 9910734376703321 005 20260302090207.0 010 $a9783837976977 010 $a3837976971 024 3 $a9783837976977 035 $a(CKB)4100000011608792 035 $a(MiAaPQ)EBC6409235 035 $a(Au-PeEL)EBL6409235 035 $a(OCoLC)1225554719 035 $a(NjHacI)994100000011608792 035 $a(Psychosozial-Verlag)9783837976977 035 $a(EXLCZ)994100000011608792 100 $a20260302d2020 uy 0 101 0 $ager 135 $aurcnu|||||||| 181 $ctxt$2rdacontent 182 $cc$2rdamedia 183 $acr$2rdacarrier 200 04$aDie deutschsprachige Sexualwissenschaft $eBestandsaufnahme und Ausblick /$fHeinz-Jürgen Voß, Josef Christian Aigner, Christel Baltes-Löhr, Karoline Bischof, Maika Böhm, Peer Briken, Jürgen Budde, Ulrike Busch, Anja Henningsen, Dagmar Herzog, Olaf Hiort, Paul M. Holterhus, Wolfgang Kostenwein, Rüdiger Lautmann, Silja Matthiesen, Timo O. Nieder, Laura Pietras, Ilka Quindeau, Udo Rauchfleisch, Esther Elisabeth Schütz, Katinka Schweizer, Uwe Sielert, Volkmar Sigusch, Kurt Starke, Harald Stumpe, Stefan Timmermanns, Elisabeth Tuider, Bettina Weidinger, Konrad Weller 205 $a1st ed. 210 $aGießen$cPsychosozial-Verlag$d2020 215 $a1 online resource (531 pages) 225 0 $aAngewandte Sexualwissenschaft 300 $a[1. Auflage 2020] 311 08$a9783837930160 311 08$a3837930165 320 $aIncludes bibliographical references. 327 $aZum Geleit Dagmar Herzog Die deutschsprachige Sexualwissenschaft Eine Einleitung Heinz-Jürgen Voß I Eröffnungen Paradoxale Verhältnisse Volkmar Sigusch Sexualität und Sexualwissenschaft 2050 Eine rationale Vision Rüdiger Lautmann Empirische Sexualforschung Ost: Die Partnerstudien Interdisziplinär ? komplex ? langzeitlich Kurt Starke II Forschungsgebiete der Sexualwissenschaft im Wandel Was erzählen uns Zahlen über Sexualität? Kontinuität und Wandel in der empirischen quantitativen Sexualforschung Silja Matthiesen & Laura Pietras Familienplanung im Wandel Ulrike Busch Sexuelle Selbstbestimmung Jugendlicher im digitalen Wandel Maika Böhm & Jürgen Budde Das Ringen um Gewissheiten Zu Normalität und Normativität des Sexuellen Elisabeth Tuider Kann die Psychoanalyse noch etwas zur Sexualwissenschaft beitragen? Ilka Quindeau III Regionale Besonderheiten sexualwissenschaftlicher Entwicklungen Entwicklungen und Perspektiven der Sexualwissenschaft in der Schweiz Udo Rauchfleisch Sexualwissenschaft? In Österreich? Eine essayistische Spurensuche in einem »Entwicklungsland« Josef Christian Aigner Sexualwissenschaft in Österreich ? Eine Bestandsaufnahme Wolfgang Kostenwein & Bettina Weidinger Drei Schritte vor und am besten keinen einzigen Schritt zurück Luxemburgische Perspektiven auf gesellschaftliche Diskurse zu Sexualität Christel Baltes-Löhr Die vergessene DDR-Sexualwissenschaft Eine persönliche Reminiszenz und Impulse für die Zukunft Harald Stumpe IV Geschlecht und Sexualität zwischen Psyche und Körper Diverse Körper, diverse Identitäten Zur Anerkennung von Varianten der Geschlechtsentwicklung Katinka Schweizer Wenn Weltbilder ins Wanken geraten Die Sexualwissenschaft im Kontext von Trans Timo O. Nieder Geschlechter, Intersex, DSD ? woher, wohin? Paul Martin Holterhus & Olaf Hiort Konsens als Merkmal paraphiler Störungen Peer Briken Körperlichkeit ist Basis jeder Sexualität Ein Plädoyer für sexualwissenschaftliche Studien zu Körper und Sexualität Esther Elisabeth Schütz Wissenschaftliche Grundlagen des Sexocorporel Karoline Bischof V Sexualwissenschaft, Sexualpädagogik und Qualifizierung Von Sexualwissenschaft und Sexualpädagogik Konrad Weller Wie ich als Erziehungswissenschaftler Sexualpädagogik konzipiere und was ich mir von der Sexualwissenschaft wünsche Uwe Sielert Sexuelle Bildung sowie sexuelle und geschlechtliche Vielfalt im Bachelorstudiengang Soziale Arbeit Stefan Timmermanns Sexuelle Bedürfnisse als Ausgangspunkt einer menschenrechtsorientierten Sozialen Arbeit ? »nach bestem Wissen und Gewissen« Anja Henningsen 330 $aLängst ist die Euphorie der sogenannten Sexuellen Revolution einer allgemeinen Ernüchterung gewichen. Statt zu einer grundlegenden Umwälzung geschlechtlicher und sexueller Verhältnisse kam es »nur« zu neuen Arrangements. Vor diesem Hintergrund stellt sich die Frage, welche Bedeutung das Sexuelle heute hat, das sich zwischen dem Freiheitsversprechen einerseits und der unleugbaren Banalisierung andererseits bewegt und stets tief verstrickt in andere gesellschaftliche Konflikte ist. Zur Beantwortung dieser Frage bedarf es einer aktuellen Bestandsaufnahme und der jeweils empirisch fundierten und theoretisch reflektierten Perspektive wichtiger Sexualwissenschaftler*innen aus dem gesamten deutschsprachigen Raum - von Deutschland, Österreich und der Schweiz bis Luxemburg. Die Autor*innen beleuchten vor dem Hintergrund des »neosexuellen« Wandels den Weg der Sexualwissenschaft seit der zweiten Hälfte des 20. Jahrhunderts. Mit Beiträgen von Josef Christian Aigner, Christel Baltes-Löhr, Karoline Bischof, Maika Böhm, Peer Briken, Jürgen Budde, Ulrike Busch, Anja Henningsen, Dagmar Herzog, Olaf Hiort, Paul Martin Holterhus, Wolfgang Kostenwein, Rüdiger Lautmann, Silja Matthiesen, Timo O. Nieder, Laura Pietras, Ilka Quindeau, Udo Rauchfleisch, Esther Elisabeth Schütz, Katinka Schweizer, Uwe Sielert, Volkmar Sigusch, Kurt Starke, Harald Stumpe, Stefan Timmermanns, Elisabeth Tuider, Bettina Weidinger und Konrad Weller 410 0$aAngewandte Sexualwissenschaft 606 $aSexualität 606 $aNeosexualität 606 $aTrans* 606 $aInter* 606 $aSexualwissenschaft 606 $ageschlechtliche Selbstbestimmung 606 $asexuelle Selbstbestimmung 606 $aSexuelle Revolution 606 $aPsychologie 606 $aGesellschaft 606 $aPsychotherapie 606 $aSoziologie 606 $aLGBTQIA+ 606 $aSexualpädagogik 615 4$aSexualität 615 4$aNeosexualität 615 4$aTrans* 615 4$aInter* 615 4$aSexualwissenschaft 615 4$ageschlechtliche Selbstbestimmung 615 4$asexuelle Selbstbestimmung 615 4$aSexuelle Revolution 615 4$aPsychologie 615 4$aGesellschaft 615 4$aPsychotherapie 615 4$aSoziologie 615 4$aLGBTQIA+ 615 4$aSexualpädagogik 676 $a306.732 702 $aVoß$b Heinz-Jürgen$4edt 702 $aAigner$b Josef Christian$4ctb 702 $aBaltes-Löhr$b Christel$4ctb 702 $aBischof$b Karoline$4ctb 702 $aBöhm$b Maika$4ctb 702 $aBriken$b Peer$4ctb 702 $aBudde$b Jürgen$4ctb 702 $aBusch$b Ulrike$4ctb 702 $aHenningsen$b Anja$4ctb 702 $aHerzog$b Dagmar$4ctb 702 $aHiort$b Olaf$4ctb 702 $aHolterhus$b Paul M$4ctb 702 $aKostenwein$b Wolfgang$4ctb 702 $aLautmann$b Rüdiger$4ctb 702 $aMatthiesen$b Silja$4ctb 702 $aNieder$b Timo O$4ctb 702 $aPietras$b Laura$4ctb 702 $aQuindeau$b Ilka$4ctb 702 $aRauchfleisch$b Udo$4ctb 702 $aSchütz$b Esther Elisabeth$4ctb 702 $aSchweizer$b Katinka$4ctb 702 $aSielert$b Uwe$4ctb 702 $aSigusch$b Volkmar$4ctb 702 $aStarke$b Kurt$4ctb 702 $aStumpe$b Harald$4ctb 702 $aTimmermanns$b Stefan$4ctb 702 $aTuider$b Elisabeth$4ctb 702 $aWeidinger$b Bettina$4ctb 702 $aWeller$b Konrad$4ctb 801 0$bMiAaPQ 801 1$bMiAaPQ 801 2$bMiAaPQ 906 $aBOOK 912 $a9910734376703321 996 $aDie deutschsprachige Sexualwissenschaft$94525065 997 $aUNINA